Familia, resiliencia y red social : un abordaje experiencial en el Trabajo Social con familias /
Guardado en:
| Autor Principal: | |
|---|---|
| Formato: | Libro |
| Idioma: | Undetermined |
| Publicado: |
Buenos Aires :
Espacio Editorial,
2009.
|
| Edición: | 1a. ed. |
| Series: | Ciencias Sociales
|
| Materias: | |
| Etiquetas: |
Agregar Etiqueta
Sin Etiquetas, Sea el primero en etiquetar este registro!
|
| LEADER | 00609nam a22001935a 4500 | ||
|---|---|---|---|
| 001 | DER.der014074 | ||
| 008 | 190916s2009####ag############000#0#und#d | ||
| 005 | 20260202111754.0 | ||
| 245 | 1 | 0 | |a Familia, resiliencia y red social : |b un abordaje experiencial en el Trabajo Social con familias / |c Liliana Calvo. |
| 250 | |a 1a. ed. | ||
| 260 | |a Buenos Aires : |b Espacio Editorial, |c 2009. | ||
| 300 | |a 105 p. | ||
| 490 | 0 | |a Ciencias Sociales | |
| 020 | |a 9789508023131 | ||
| 100 | 1 | |a Calvo, Liliana. | |
| 653 | |a TRABAJO SOCIAL | ||
| 653 | |a FAMILIA | ||
| 653 | |a REDES SOCIALES | ||
| 859 | |a DERECHO |b BIB. DERECHO |h 361.3 |i CAL |p 009302 | ||
